Forma y poesía moderna

Shranjeno v:
Bibliografske podrobnosti
Glavni avtor: Read, Herbert Edward (Author)
Format: Knjiga
Jezik:španščina
Izdano: Buenos Aires Nueva Visión 1961
Izdaja:2a. ed
Serija:Colección Ensayos, 1
Teme:
Oznake: Označite
Brez oznak, prvi označite!

MARC

LEADER 00000nam a2200000 a 4500
001 UCG5045
003 CL-VaPUC
008 101230e19610400AG |||||||||||||||||spa|d
082 0 4 |a 821.09  |b REA  |2 21 
100 0 |a Read, Herbert Edward  |e author  |9 554580 
245 1 0 |a Forma y poesía moderna 
250 |a 2a. ed 
300 |a 79 p 
942 |c BK 
945 |d 20101230 00:00:00  |a dcastane 
260 |a Buenos Aires  |b Nueva Visión  |c 1961 
650 0 |a Poesía inglesa   |9 264944 
650 0 |a Crítica e interpretación   |9 255042 
583 |a last modification  |c 20101230 00:00:00  |k Rodrigo Vera 
490 0 |a Colección Ensayos, 1 
999 |c 343618  |d 343616 
952 |0 0  |1 0  |4 0  |6 821_090000000000000_REA_1961  |7 0  |8 P  |9 441055  |a BIBEDU  |b BIBEDU  |c BIBEDU_PB  |d 2019-11-22  |i 4740351  |o 821.09 REA 1961  |p 4740351  |r 2024-01-25  |w 2019-11-22  |y BK  |k FIL